The military balance. (Record no. 542952)
[ view plain ]
| 000 -LEADER | |
|---|---|
| fixed length control field | 00865cas a2200217 a 4500 |
| 022 ## - INTERNATIONAL STANDARD SERIAL NUMBER | |
| International Standard Serial Number | 0459-7222 |
| 082 00 - DEWEY DECIMAL CLASSIFICATION NUMBER | |
| Classification number | 382.170355 |
| Author Mark | BRA |
| -- | D |
| 082 04 - DEWEY DECIMAL CLASSIFICATION NUMBER | |
| Classification number | 355.2 |
| 245 04 - TITLE STATEMENT | |
| Title | The military balance. |
| 260 ## - PUBLICATION, DISTRIBUTION, ETC. | |
| Place of publication, distribution, etc. | London : |
| Name of publisher, distributor, etc. | Institute for Strategic Studies, |
| Date of publication, distribution, etc. | 1963- |
| 300 ## - PHYSICAL DESCRIPTION | |
| Extent | v. : |
| Other physical details | ill. ; |
| Dimensions | 25 cm. |
| 500 ## - GENERAL NOTE | |
| General note | Published: London : International Institute for Strategic Studies, 1972-1988; Washington, D.C. : Brassey's Inc. for the IISS, 1989-<1992/1993>; Oxford [U.K.] : Oxford University Press for the IISS, <1994/1995-> |
| 526 ## - STUDY PROGRAM INFORMATION NOTE | |
| Program name | 0 |
| Interest level | 0 |
| Reading level | 0 |
| Title point value | 382_170355000000000_BRA |
| 590 ## - LOCAL NOTE (RLIN) | |
| Local note | SERBIB/SERLOC merged record |
| 650 #0 - SUBJECT ADDED ENTRY--TOPICAL TERM | |
| Topical term or geographic name entry element | Armed Forces |
| 9 (RLIN) | 38329 |
| 650 17 - SUBJECT ADDED ENTRY--TOPICAL TERM | |
| Topical term or geographic name entry element | Krijgsmacht. |
| 9 (RLIN) | 38330 |
| 650 17 - SUBJECT ADDED ENTRY--TOPICAL TERM | |
| Topical term or geographic name entry element | MCE |
| 9 (RLIN) | 379 |
| 710 2# - ADDED ENTRY--CORPORATE NAME | |
| Corporate name or jurisdiction name as entry element | Institute for Strategic Studies (London, England) |
| 9 (RLIN) | 38331 |
| 710 2# - ADDED ENTRY--CORPORATE NAME | |
| Corporate name or jurisdiction name as entry element | International Institute for Strategic Studies. |
| 9 (RLIN) | 38332 |
| 942 ## - ADDED ENTRY ELEMENTS (KOHA) | |
| Source of classification or shelving scheme | |
| Koha item type | Book |
| Withdrawn status | Lost status | Source of classification or shelving scheme | Damaged status | Not for loan | Permanent Location | Current Location | Date acquired | Total Checkouts | Full call number | Barcode | Date last seen | Price effective from | Koha item type |
|---|---|---|---|---|---|---|---|---|---|---|---|---|---|
| Military College of Engineering (MCE) | Military College of Engineering (MCE) | 02/26/2014 | 382.170355 BRA | MCE-44266 | 02/26/2014 | 02/26/2014 | Book |
